Estadísticas para Capitales de Europa

Haz click aquí para tomar la prueba!

Estadísticas generales

  • Esta prueba ha sido tomada 21.002 veces
  • La puntuación promedio es 34 de 45

Estadísticas de respuestas

PaísCiudad% Correcto
FranciaParís
98%
EspañaMadrid
98%
ItaliaRoma
97%
AlemaniaBerlín
97%
Reino UnidoLondres
94%
Ciudad del
Vaticano
Ciudad del
Vaticano
93%
GreciaAtenas
92%
PortugalLisboa
92%
RusiaMoscú
91%
BélgicaBruselas
89%
NoruegaOslo
89%
AustriaViena
88%
IrlandaDublin
88%
Países BajosÁmsterdam
88%
MónacoMónaco
87%
LuxemburgoLuxemburgo
85%
BulgariaSofía
84%
UcraniaKiev
82%
FinlandiaHelsinki
82%
San MarinoSan Marino
82%
HungríaBudapest
81%
República ChecaPraga
79%
SueciaEstocolmo
78%
PoloniaVarsovia
78%
AndorraAndorra la Vieja
78%
DinamarcaCopenhague
77%
IslandiaReikiavik
75%
RumaniaBucarest
74%
CroaciaZagreb
73%
SuizaBerna
73%
BielorrusiaMinsk
72%
AlbaniaTirana
70%
MaltaLa Valeta
65%
EstoniaTallin
65%
Bosnia y
Herzegovina
Sarajevo
65%
LetoniaRiga
61%
SerbiaBelgrado
58%
EslovaquiaBratislava
57%
EsloveniaLiubliana
55%
LituaniaVilna
52%
LiechtensteinVaduz
50%
Macedonia
del Norte
Skopie
46%
MoldaviaChișinău
45%
MontenegroPodgorica
44%
KosovoPristina
43%

Distribución de puntuación

Porcentaje por número respondido

Porcentaje de gente con cada puntuación

Historial de tus puntuaciones

No has tomado esta prueba